[Event "Helsinki-ch 2011 Group M"]
[Site "Helsinki"]
[Date "2011.??.??"]
[Round "11"]
[White "Norri, Joose"]
[Black "Immonen, Vihtori"]
[Result "1/2-1/2"]
[WhiteElo "2336"]
[BlackElo "1926"]
[PlyCount "149"]
[EventDate "2010.12.27"]
[EventType "tourn"]
[EventRounds "11"]
[EventCountry "FIN"]
[SourceTitle "EXT 2022"]
[Source "ChessBase"]
[SourceDate "2021.10.06"]
[SourceVersion "1"]
[SourceVersionDate "2021.10.06"]
[SourceQuality "1"]

1. d4 Nf6 2. Nf3 g6 3. Bg5 Bg7 4. Nbd2 d6 5. e4 0-0 6. c3 c5 7. dxc5 dxc5 8. Bc4 Nc6 9. 0-0 Bg4 10. Qc2 Qc7 11. h3 Bxf3 12. Nxf3 Ne5 13. Be2 Nxf3+ 14. Bxf3 Rfd8 15. Rad1 Rxd1 16. Rxd1 Rd8 17. Rxd8+ Qxd8 18. e5 Ne8 19. e6 b6 20. Qa4 fxe6 21. Qxa7 Bf6 22. Bf4 Nd6 23. Qa8 Qxa8 24. Bxa8 Kf7 25. Kf1 Ke8 26. Ke2 Kd7 27. Kd3 c4+ 28. Kc2 b5 29. b3 e5 30. Be3 e4 31. Bc5 e6 32. b4 Kc7 33. Bxd6+ Kxd6 34. Bxe4 Bd8 35. Bb7 Kc7 36. Ba6 Kb6 37. Bc8 e5 38. f3 Bh4 39. Kd2 g5 40. Be6 h6 41. a4 bxa4 42. Bxc4 Bf2 43. Bf7 a3 44. Kc2 Kc6 45. Ba2 Be3 46. g4 Bf4 47. c4 Be3 48. Kd3 Bd4 49. Ke4 Bc3 50. b5+ Kd6 51. Kf5 Bd4 52. Kg6 Ke7 53. Kxh6 Kf6 54. Kh5 Be3 55. h4 gxh4 56. Kxh4 Kg6 57. Bb1+ Kh6 58. Kg3 Kg5 59. Ba2 Bc5 60. Bb3 Bb6 61. Kg2 Kf4 62. Kf1 e4 63. fxe4 Kxg4 64. e5 Kf5 65. c5 Bxc5 66. e6 Kf6 67. Ke2 Ke7 68. Kd3 Kd8 69. Kc4 Be7 70. b6 Kc8 71. Kb5 Kb7 72. Bd5+ Kc8 73. Kc6 Bf8 74. b7+ Kb8 75. Kd7 1/2-1/2

[Event "Helsinki We HSL 7th"]
[Site "Helsinki"]
[Date "2011.??.??"]
[Round "3"]
[White "Sofiev, Alexey"]
[Black "Immonen, Vihtori"]
[Result "1-0"]
[WhiteElo "2146"]
[BlackElo "2041"]
[PlyCount "51"]
[EventDate "2011.??.??"]
[EventType "swiss"]
[EventRounds "5"]
[EventCountry "FIN"]
[SourceTitle "EXT 2022"]
[Source "ChessBase"]
[SourceDate "2021.10.06"]
[SourceVersion "1"]
[SourceVersionDate "2021.10.06"]
[SourceQuality "1"]

1. a3 c5 2. e3 g6 3. d4 cxd4 4. exd4 Bg7 5. Bc4 Nf6 6. Ne2 b6 7. Bf4 Bb7 8. f3 Nd5 9. Bxd5 Bxd5 10. Nbc3 Bb7 11. h4 h5 12. Qd3 d6 13. 0-0-0 Nc6 14. g4 hxg4 15. fxg4 e5 16. Bg5 Bh6 17. Bxh6 Rxh6 18. d5 Ne7 19. g5 Rh8 20. Ne4 Nxd5 21. Qb5+ Ke7 22. Rxd5 Bxd5 23. Qxd5 Qc7 24. N2c3 Rac8 25. Rf1 Rhf8 26. Rf6 1-0

[Event "Helsinki-ch 2011 Group M"]
[Site "Helsinki"]
[Date "2010.12.??"]
[Round "3"]
[White "Immonen, Vihtori"]
[Black "Miettinen, Teemu"]
[Result "1-0"]
[WhiteElo "1926"]
[BlackElo "2022"]
[PlyCount "117"]
[EventDate "2010.12.27"]
[EventType "tourn"]
[EventRounds "11"]
[EventCountry "FIN"]
[SourceTitle "EXT 2022"]
[Source "ChessBase"]
[SourceDate "2021.10.06"]
[SourceVersion "1"]
[SourceVersionDate "2021.10.06"]
[SourceQuality "1"]

1. e4 e5 2. Nf3 Nc6 3. Bb5 a6 4. Ba4 Nf6 5. 0-0 Be7 6. Re1 b5 7. Bb3 d6 8. c3 0-0 9. h3 Nb8 10. d4 Nbd7 11. Nbd2 Bb7 12. Bc2 Re8 13. Nf1 Bf8 14. Ng3 g6 15. b3 c5 16. d5 Nb6 17. a4 Bc8 18. axb5 axb5 19. Rxa8 Nxa8 20. Qe2 Bd7 21. Bd3 Nc7 22. Bg5 Be7 23. h4 Ng4 24. Bxe7 Rxe7 25. Ra1 Qb8 26. Ra5 Qb6 27. Qa2 c4 28. bxc4 Nxf2 29. Qxf2 Qxa5 30. Ng5 Ne8 31. c5 Qxc3 32. cxd6 Nxd6 33. Qf6 Nc8 34. h5 Qc1+ 35. Kh2 Qf4 36. Qxf4 exf4 37. Ne2 h6 38. Nf3 g5 39. Nfd4 Na7 40. d6 Re5 41. Nc3 g4 42. Nd5 Rxh5+ 43. Kg1 Rxd5 44. exd5 Kg7 45. Bf5 Kf6 46. Bxd7 Ke5 47. Bxb5 Kxd6 48. Bc6 Nc8 49. Nf5+ Ke5 50. Nxh6 f5 51. Nf7+ Kf6 52. d6 Na7 53. Bd5 Nc6 54. Bxc6 Kxf7 55. Bd7 g3 56. Bxf5 Ke8 57. Kf1 Kd8 58. Ke2 Ke8 59. Kf3 1-0

[Event "EU-ch U18"]
[Site "Batumi"]
[Date "2010.09.28"]
[Round "9"]
[White "Khurtsidze, Tornike"]
[Black "Immonen, Vihtori"]
[Result "0-1"]
[WhiteElo "2010"]
[BlackElo "2018"]
[PlyCount "102"]
[EventDate "2010.09.20"]
[EventType "swiss"]
[EventRounds "9"]
[EventCountry "GEO"]
[SourceTitle "CBM 138 Extra"]
[Source "ChessBase"]
[SourceDate "2010.10.29"]
[SourceVersion "1"]
[SourceVersionDate "2010.10.29"]
[SourceQuality "1"]

1. e4 c5 2. Nc3 Nc6 3. Nge2 g6 4. g3 Bg7 5. Bg2 d6 6. 0-0 e6 7. d3 Nge7 8. Be3 0-0 9. Qd2 Nd4 10. Rae1 Rb8 11. Nd1 b5 12. c3 Nxe2+ 13. Rxe2 b4 14. Bh6 bxc3 15. bxc3 Bxh6 16. Qxh6 Ba6 17. Rd2 Qa5 18. h4 Rb1 19. h5 Ra1 20. Qf4 Nc8 21. Qf6 Qd8 22. Qf4 e5 23. Qh6 Qf6 24. Ne3 Rxf1+ 25. Bxf1 Nb6 26. Ng4 Qe6 27. f3 Nd7 28. Rh2 Qe7 29. Nf2 Rb8 30. Qc1 Nf6 31. g4 Kg7 32. c4 Kg8 33. Nd1 Rb6 34. Nc3 Bb7 35. Be2 Bc6 36. Bd1 Qb7 37. f4 exf4 38. Qxf4 Qe7 39. hxg6 fxg6 40. Rf2 Nd7 41. Be2 Ne5 42. Nd1 Rb8 43. Qf6 Qxf6 44. Rxf6 Rd8 45. Kf2 Kg7 46. Rf4 Rb8 47. Ke3 Bd7 48. g5 Nf7 49. Bg4 Bc6 50. Rf6 Rd8 51. Re6 Bd7 0-1

[Event "EU-ch U18"]
[Site "Batumi"]
[Date "2010.09.23"]
[Round "5"]
[White "Immonen, Vihtori"]
[Black "Geske, Julian"]
[Result "0-1"]
[WhiteElo "2018"]
[BlackElo "2364"]
[PlyCount "72"]
[EventDate "2010.09.20"]
[EventType "swiss"]
[EventRounds "9"]
[EventCountry "GEO"]
[SourceTitle "CBM 138 Extra"]
[Source "ChessBase"]
[SourceDate "2010.10.29"]
[SourceVersion "1"]
[SourceVersionDate "2010.10.29"]
[SourceQuality "1"]

1. e4 e5 2. Nf3 Nc6 3. Bb5 a6 4. Ba4 Nf6 5. 0-0 Nxe4 6. d4 b5 7. Bb3 d5 8. dxe5 Be6 9. Nbd2 Nc5 10. c3 Be7 11. Bc2 Bg4 12. Re1 0-0 13. Nf1 Re8 14. Ng3 Bf8 15. b4 Nd7 16. Qd3 g6 17. Bg5 Qc8 18. Qxd5 Bxf3 19. Qxf3 Ncxe5 20. Qf4 Bg7 21. Ne4 a5 22. Nf6+ Nxf6 23. Rxe5 Nh5 24. Rxe8+ Qxe8 25. Qf3 axb4 26. Bb3 c6 27. g4 Bxc3 28. Rd1 Ng7 29. Rd6 Rc8 30. Bf6 Bxf6 31. Qxf6 c5 32. h4 c4 33. Bd1 Qe1+ 34. Kg2 Ne8 35. Rd8 Qxd1 36. Rxc8 Qxg4+ 0-1

[Event "EU-ch U18"]
[Site "Batumi"]
[Date "2010.09.22"]
[Round "3"]
[White "Rzayev, Bahruz Iqbal Oglu"]
[Black "Immonen, Vihtori"]
[Result "1-0"]
[WhiteElo "2235"]
[BlackElo "2018"]
[PlyCount "83"]
[EventDate "2010.09.20"]
[EventType "swiss"]
[EventRounds "9"]
[EventCountry "GEO"]
[SourceTitle "CBM 138 Extra"]
[Source "ChessBase"]
[SourceDate "2010.10.29"]
[SourceVersion "1"]
[SourceVersionDate "2010.10.29"]
[SourceQuality "1"]

1. e4 c5 2. Nc3 Nc6 3. Bb5 Nd4 4. Bc4 e6 5. Nf3 Nf6 6. 0-0 a6 7. a4 Nxe4 8. Nxe4 d5 9. Bd3 dxe4 10. Bxe4 Bd6 11. c3 Nxf3+ 12. Qxf3 Qc7 13. h3 0-0 14. d4 cxd4 15. cxd4 Rb8 16. Bd2 Bd7 17. Bc3 Bc6 18. d5 Bxd5 19. Bxd5 exd5 20. Qxd5 Qc5 21. Rad1 Qxd5 22. Rxd5 Rbd8 23. Rfd1 Bc7 24. Rd7 Rfe8 25. Kf1 Rxd7 26. Rxd7 Rc8 27. Ke2 h6 28. Kf3 Kf8 29. Bb4+ Kg8 30. b3 b5 31. axb5 axb5 32. Rd5 Rb8 33. Ke4 Re8+ 34. Kd3 Rb8 35. Bc5 Ba5 36. b4 Bc7 37. Rd7 Bb6 38. Kd4 f6 39. Kd5 Bxc5 40. bxc5 b4 41. c6 Kh7 42. c7 1-0

[Event "EU-ch U18"]
[Site "Batumi"]
[Date "2010.09.20"]
[Round "1"]
[White "Raznikov, Danny"]
[Black "Immonen, Vihtori"]
[Result "1-0"]
[WhiteElo "2354"]
[BlackElo "2018"]
[PlyCount "98"]
[EventDate "2010.09.20"]
[EventType "swiss"]
[EventRounds "9"]
[EventCountry "GEO"]
[SourceTitle "CBM 138 Extra"]
[Source "ChessBase"]
[SourceDate "2010.10.29"]
[SourceVersion "1"]
[SourceVersionDate "2010.10.29"]
[SourceQuality "1"]

1. d4 Nf6 2. c4 g6 3. Nc3 Bg7 4. e4 d6 5. Nf3 0-0 6. h3 e5 7. d5 Na6 8. Bg5 Qe8 9. g4 Nc5 10. Nd2 a5 11. Qf3 Nfd7 12. Rg1 Nb6 13. h4 Kh8 14. Bf6 Bxf6 15. Qxf6+ Kg8 16. Nb5 Na6 17. Nxc7 Nxc7 18. Qxd6 Nbxd5 19. cxd5 Nb5 20. Bxb5 Qxb5 21. Qxe5 f5 22. h5 fxg4 23. hxg6 h6 24. Qe7 Qd7 25. Qxd7 Bxd7 26. Rc1 Rac8 27. Ke2 Kg7 28. Ke3 Kxg6 29. Rxc8 Rxc8 30. Nf3 Kf6 31. Nd4 h5 32. Kf4 Re8 33. Rh1 Re5 34. f3 Rg5 35. Re1 gxf3 36. Nxf3 Rg4+ 37. Ke3 Rg2 38. Re2 Rg3 39. Kf2 Rg8 40. e5+ Ke7 41. Re4 Bh3 42. Ke3 Rg2 43. Rc4 Kd7 44. d6 Rh2 45. Rc7+ Ke6 46. Re7+ Kd5 47. d7 Bxd7 48. Rxd7+ Ke6 49. Rd6+ Ke7 1-0

[Event "Helsinki We Garde 9th A"]
[Site "Helsinki"]
[Date "2010.09.??"]
[Round "1"]
[White "Immonen, Vihtori"]
[Black "Niemi, Mikko"]
[Result "0-1"]
[WhiteElo "1926"]
[BlackElo "2219"]
[PlyCount "118"]
[EventDate "2010.09.10"]
[EventType "tourn"]
[EventRounds "5"]
[EventCountry "FIN"]
[SourceTitle "EXT 2022"]
[Source "ChessBase"]
[SourceDate "2021.10.06"]
[SourceVersion "1"]
[SourceVersionDate "2021.10.06"]
[SourceQuality "1"]

1. e4 g6 2. d4 Bg7 3. Nc3 d6 4. Be3 a6 5. Qd2 Nd7 6. f3 b5 7. a4 b4 8. Nd1 c5 9. c3 bxc3 10. Nxc3 Rb8 11. a5 Ngf6 12. dxc5 Nxc5 13. Bxc5 dxc5 14. Qxd8+ Kxd8 15. 0-0-0+ Nd7 16. Bc4 e6 17. Nh3 Rb4 18. Be2 Kc7 19. Kc2 Ne5 20. Nf4 Nc6 21. Nd3 Nd4+ 22. Kb1 Rb8 23. e5 c4 24. Nc5 Nxe2 25. Nxe2 Bxe5 26. Na4 Rb4 27. Nec3 Bd7 28. Nb6 Bc6 29. Kc2 h5 30. Rb1 Rd8 31. Na2 Ba4+ 32. Nxa4 Rxa4 33. Ra1 Rxa5 34. Nc3 Rxa1 35. Rxa1 Kb6 36. Na4+ Kb5 37. Nc3+ Bxc3 38. bxc3 a5 39. Rb1+ Kc6 40. Ra1 Rd5 41. Ra2 h4 42. h3 Rg5 43. Kc1 Kb5 44. Re2 Rd5 45. Kc2 a4 46. Re4 a3 47. Re2 Rd3 48. Re5+ Rd5 49. Re2 e5 50. Kc1 f6 51. Kc2 Rd3 52. Re1 Ka4 53. Ra1 f5 54. Re1 a2 55. Ra1 Ka3 56. Re1 e4 57. fxe4 fxe4 58. Rf1 Rg3 59. Rc1 Rxg2+ 0-1

[Event "Heart of Finland op 20th"]
[Site "Jyvaskyla"]
[Date "2010.07.05"]
[Round "1"]
[White "Immonen, Vihtori"]
[Black "Gavrilov, Alexei"]
[Result "0-1"]
[WhiteElo "2012"]
[BlackElo "2493"]
[PlyCount "52"]
[EventDate "2010.07.05"]
[EventType "swiss"]
[EventRounds "9"]
[EventCountry "FIN"]
[SourceTitle "CBM 137 Extra"]
[Source "ChessBase"]
[SourceDate "2010.09.01"]
[SourceVersion "1"]
[SourceVersionDate "2010.09.01"]
[SourceQuality "1"]

1. e4 e5 2. Nf3 Nc6 3. Bb5 a6 4. Ba4 Nf6 5. 0-0 Be7 6. Re1 b5 7. Bb3 d6 8. c3 0-0 9. h3 a5 10. a3 a4 11. Bc2 d5 12. d4 Nxe4 13. Nxe5 Nxe5 14. dxe5 f6 15. exf6 Bxf6 16. Bxe4 dxe4 17. Qxd8 Rxd8 18. Bf4 Bb7 19. Nd2 g5 20. Be3 c5 21. Nf1 b4 22. axb4 cxb4 23. Rec1 Rd3 24. Bd2 a3 25. bxa3 bxc3 26. Be3 Bd5 0-1

[Event "FIN-ch U18/20"]
[Site "Espoo"]
[Date "2010.06.??"]
[Round "3"]
[White "Olander, Aleksi"]
[Black "Immonen, Vihtori"]
[Result "1/2-1/2"]
[WhiteElo "1902"]
[BlackElo "1926"]
[PlyCount "82"]
[EventDate "2010.06.10"]
[EventType "tourn"]
[EventRounds "9"]
[EventCountry "FIN"]
[SourceTitle "EXT 2022"]
[Source "ChessBase"]
[SourceDate "2021.10.06"]
[SourceVersion "1"]
[SourceVersionDate "2021.10.06"]
[SourceQuality "1"]

1. d4 Nf6 2. c4 g6 3. Nf3 Bg7 4. g3 0-0 5. Bg2 d6 6. Nc3 Nbd7 7. e4 e5 8. 0-0 exd4 9. Nxd4 Re8 10. h3 a6 11. Be3 Rb8 12. b3 Qe7 13. Nd5 Nxd5 14. cxd5 Nf6 15. Bg5 h6 16. Bxf6 Qxf6 17. Nc2 c5 18. dxc6 bxc6 19. Rc1 Bb7 20. Ne3 Red8 21. f4 Qe7 22. Qd3 c5 23. Kh2 Re8 24. Nd5 Bxd5 25. Qxd5 Bd4 26. Qc4 a5 27. e5 Rb4 28. Qd5 Rb6 29. f5 dxe5 30. fxg6 Rxg6 31. Be4 Rf6 32. Kg2 Rd8 33. Qc4 Be3 34. Rcd1 Rxf1 35. Qxf1 Rxd1 36. Qxd1 Qf6 37. Qg4+ Kh8 38. Qf5 Qxf5 39. Bxf5 Kg7 40. Kf3 Bd4 41. a4 Kf6 1/2-1/2